Provincias de España con un mapa vacío - Estadísticas

Estadísticas generales
  • Esta prueba ha sido intentada 7.221 veces
  • La puntuación promedio es 44 de 50
Respuestas en el mapa
Las respuestas están codificadas por una escala verde-roja en el mapa de la prueba según el % correcto abajo.
 
Estadísticas de respuestas
Provincia % Correcto
Barcelona
98%
Madrid
98%
Valencia
97%
Murcia
96%
Sevilla
96%
Asturias
94%
Málaga
94%
Zaragoza
94%
Cádiz
93%
Alicante
92%
Gerona
92%
Granada
92%
León
92%
Tarragona
92%
Badajoz
91%
Cantabria
91%
Córdoba
91%
Huelva
91%
La Coruña
91%
Almería
90%
Cáceres
90%
Castellón
90%
Jaén
90%
La Rioja
90%
Lérida
90%
Lugo
90%
Navarra
90%
Toledo
90%
Huesca
89%
Albacete
88%
Valladolid
88%
Orense
87%
Pontevedra
87%
Teruel
87%
Burgos
86%
Ciudad Real
86%
Palencia
86%
Salamanca
86%
Álava
83%
Ávila
83%
Cuenca
83%
Segovia
83%
Zamora
83%
Islas Baleares
82%
Soria
82%
Guadalajara
81%
Santa Cruz de Tenerife
81%
Guipúzcoa
80%
Las Palmas
78%
Vizcaya
78%
No se encontraron pruebas coincidentes
Distribución de puntuación
Porcentaje de gente con cada puntuación
Porcentaje por número respondido
Historial de tus puntuaciones
No has intentado esta prueba.